000 00423nam a2200181Ia 4500
008 230524s9999 xx 000 0 und d
020 _a9788177589023
082 _a621.443
_bSAR
100 _aHIH Saravanamuttoo
245 0 _aGas Turbine Theory
250 _a5
260 _aNew Delhi
_bPerson
_c2013
300 _a491p;
500 _aQuantity Number: 30
650 _aMechanics
700 _aH.Cohen
942 _cBK
999 _c53794
_d53794